Vẽ trong word

Với tài liệu hướng dẫn dễ hiểu này, bạn sẽ khám phá thêm một số đặc tính của chương trình xử lý văn bản Microsft Word 2000. Chúng sẽ giúp bạn làm tăng tính sinh động cho tài liệu nhờ những hình ảnh minh họa hợp lý....

ver descrição completa

Na minha lista:
Detalhes bibliográficos
Formato: Livro
Idioma:Undetermined
Publicado em: Hà Nội Thống kê 2007
Assuntos:
Tags: Adicionar Tag
Sem tags, seja o primeiro a adicionar uma tag!
Thư viện lưu trữ: Trung tâm Học liệu Trường Đại học Cần Thơ
LEADER 00909nam a2200193Ia 4500
001 CTU_129432
008 210402s9999 xx 000 0 und d
020 |c 13000 
082 |a 005.52 
082 |b V200 
245 0 |a Vẽ trong word 
245 0 |c Biên soạn: VN-GUIDE 
260 |a Hà Nội 
260 |b Thống kê 
260 |c 2007 
520 |a Với tài liệu hướng dẫn dễ hiểu này, bạn sẽ khám phá thêm một số đặc tính của chương trình xử lý văn bản Microsft Word 2000. Chúng sẽ giúp bạn làm tăng tính sinh động cho tài liệu nhờ những hình ảnh minh họa hợp lý. 
650 |a Word ( Computer programs ),Software application,Office ( Computer programs ),Word ( Chương trình máy tính ) 
904 |i Giang 
980 |a Trung tâm Học liệu Trường Đại học Cần Thơ